Language Quiz

Random Language or French Quiz

French CA things ¹ Quiz Stats

 Plays Quiz not verified by Sporcle

Support Sporcle.
Go Orange.
Score 0/25 Timer 11:00
0 Plays Today
% Correct
café
94.9%
cactus
93.6%
cadeaux
89.7%
cacao
84.6%
cage
80.8%
calendrier
79.5%
calculatrice
78.2%
cahier
75.6%
câble
74.4%
cadre
71.8%
caisse
67.9%
caïman
67.9%
cailloux
66.7%
% Correct
cacahuètes
66.7%
cake
64.1%
calmar / calamar
64.1%
cafard
60.3%
caille
55.1%
caddie
55.1%
cabane
55.1%
cadenas
52.6%
cagoule
50%
calèche
48.7%
cachalot
46.2%
calanques
39.7%

You're not logged in!

Compare scores with friends on all Sporcle quizzes.
OR
Log In

From the Vault

Founding Fathers Image Quiz

by Hejman

If you get stuck just think back to money.
Remove Ads.
Support Sporcle.
Get the best of Sporcle when you Go Orange. This ad-free experience offers more features, more stats, and more fun while also helping to support Sporcle. Thank you for becoming a member.

Show Comments

Extras

Created Feb 18, 2020ReportNominate
Tags:French Quiz, Letter C

Top Quizzes Today


Score Distribution

Your Account Isn't Verified!

In order to create a playlist on Sporcle, you need to verify the email address you used during registration. Go to your Sporcle Settings to finish the process.

Report this User

Report this user for behavior that violates our Community Guidelines.

Details: